000 00300nam a22001337a 4500
008 170516b xxu||||| |||| 00| 0 eng d
020 _a0395495369
041 _aeng
080 _a94 (7/8)
100 _a16
101 _aSHH
245 _aHISTORY OF THE UNITED STATES
_cMIFFLIN, H
942 _2udc
_cBK
999 _c13344
_d13344